[Event "Gibtelecom Masters"]
[Site "Gibraltar"]
[Date "2009.01.31"]
[Round "5.70"]
[White "Haug, Marianne Wold"]
[Black "Knight, Simon"]
[Result "0-1"]
[WhiteElo "1935"]
[BlackElo "2148"]
[PlyCount "42"]
[EventDate "2009.01.27"]

1. e4 c5 2. Nf3 a6 3. c4 Nc6 4. d4 cxd4 5. Nxd4 Qc7 6. Be2 Nf6 7. Nc3 e6 8. O-O
Bb4 9. Qd3 h5 10. Kh1 b6 11. f4 Bb7 12. Bf3 O-O-O 13. a3 Bc5 14. Nb3 d6 15. Be3
Ng4 16. Bg1 g5 17. g3 gxf4 18. gxf4 Rhg8 19. Nd4 Qe7 20. b4 Bxd4 21. Bxd4 Nxh2
0-1

[Event "Gibtelecom Masters"]
[Site "Gibraltar"]
[Date "2009.01.31"]
[Round "5.71"]
[White "Zanetti, Bruno"]
[Black "Drenth, Jean Paul"]
[Result "1-0"]
[WhiteElo "2008"]
[BlackElo "2140"]
[PlyCount "81"]
[EventDate "2009.01.27"]

1. d4 Nf6 2. c4 c5 3. d5 e5 4. Nc3 d6 5. e4 Be7 6. Nge2 Nh5 7. h3 Bg5 8. Bxg5
Qxg5 9. Qa4+ Bd7 10. Qb3 b6 11. Nb5 Bxb5 12. Qxb5+ Nd7 13. Qc6 Ke7 14. h4 Qg6
15. Nc3 Rab8 16. g4 Nf4 17. f3 a6 18. Nd1 Rhc8 19. Qa4 Rc7 20. Ne3 Kf8 21. Qxa6
Rbb7 22. Qa8+ Nb8 23. Qa4 Qf6 24. Qb3 g6 25. g5 Qd8 26. Bh3 h5 27. Bf1 Na6 28.
Ng2 Nxg2+ 29. Bxg2 b5 30. O-O bxc4 31. Qxc4 Qa8 32. f4 exf4 33. Rxf4 Rb4 34.
Qc3 Kg8 35. Raf1 Qe8 36. Rf6 Rd4 37. Qa5 Ra4 38. Qb6 Rxa2 39. Qxd6 Rd7 40. Qf4
Rxb2 41. Rxa6 1-0

[Event "Gibtelecom Masters"]
[Site "Gibraltar"]
[Date "2009.01.31"]
[Round "5.72"]
[White "Machin Arbelo, Pedro Alexi"]
[Black "Beltran Medina, Jorge"]
[Result "1-0"]
[WhiteElo "2134"]
[BlackElo "2006"]
[PlyCount "137"]
[EventDate "2009.01.27"]

1. e4 e6 2. Nf3 d5 3. Nc3 d4 4. Ne2 c5 5. b4 Nf6 6. e5 Nfd7 7. Bb2 b6 8. bxc5
bxc5 9. Ng3 Nc6 10. Bb5 Qb6 11. a4 Rb8 12. O-O Be7 13. Rb1 O-O 14. c3 Ndxe5 15.
Bxc6 Nxc6 16. cxd4 Ba6 17. Bc3 Qd8 18. Rxb8 Qxb8 19. Re1 cxd4 20. Nxd4 Nxd4 21.
Bxd4 Rd8 22. Qg4 Bf8 23. Nh5 Qb4 24. Nf6+ Kh8 25. Qh5 Bd3 26. Qxf7 Bd6 27. Bc3
Qf4 28. g3 Qf3 29. Qxe6 Bg6 30. Qg4 Qxg4 31. Nxg4 Kg8 32. Ne5 Be8 33. a5 Bb5
34. Nf3 a6 35. Nd4 Bd7 36. Kg2 Bc5 37. Nc2 Bc6+ 38. Kf1 Bb5+ 39. Kg1 Bd3 40.
Nb4 Bxb4 41. Bxb4 Rb8 42. Bc3 Rb1 43. Rxb1 Bxb1 44. f4 Kf7 45. Kf2 g6 46. Ke3
Ke6 47. g4 Kd5 48. d3 Bc2 49. f5 gxf5 50. gxf5 Bd1 51. Kf4 Bc2 52. Ke3 Bd1 53.
Bg7 Bg4 54. Kf4 Be2 55. d4 Bd3 56. Be5 Bc2 57. Kg5 Be4 58. h4 Bd3 59. h5 Be4
60. Kf4 Bg2 61. Kg4 Be4 62. Kg5 Bd3 63. f6 Ke6 64. d5+ Kf7 65. d6 Bb5 66. Kh6
Kg8 67. f7+ Kxf7 68. Kxh7 Ke6 69. Kg7 1-0

[Event "Gibtelecom Masters"]
[Site "Gibraltar"]
[Date "2009.01.31"]
[Round "5.73"]
[White "Mozelius, Peter"]
[Black "Almond, Richard J"]
[Result "0-1"]
[WhiteElo "1916"]
[BlackElo "2126"]
[PlyCount "92"]
[EventDate "2009.01.27"]

1. d4 d5 2. Bf4 e6 3. e3 c5 4. c3 Bd6 5. Bg3 Nf6 6. Nd2 O-O 7. Bd3 b6 8. Ngf3
Bb7 9. O-O Nc6 10. Ne5 Qc7 11. f4 Nd7 12. Qh5 f5 13. Bh4 Nf6 14. Bxf6 Rxf6 15.
Qe2 c4 16. Bc2 b5 17. Rf3 b4 18. Rb1 a5 19. Rh3 Rb8 20. g4 g6 21. gxf5 exf5 22.
Ndf3 Nd8 23. Ng5 h5 24. Nxg6 Rxg6 25. Qxh5 Qg7 26. Bxf5 Rf6 27. Bh7+ Kf8 28.
Kh1 Ke7 29. Rg1 Qf8 30. Bc2 Qe8 31. Qh7+ Nf7 32. Nxf7 Rxf7 33. Qh4+ Kd7 34. Bg6
Qe6 35. f5 Qf6 36. Bxf7 Qxf7 37. f6 Kc6 38. Rg7 Qe6 39. Rf3 bxc3 40. bxc3 Ba6
41. f7 Rf8 42. Rh7 Qg6 43. Qh3 Bc8 44. Qh4 Bg4 45. Rf4 Bxf4 46. exf4 Bf3# 0-1

[Event "Gibtelecom Masters"]
[Site "Gibraltar"]
[Date "2009.01.31"]
[Round "5.77"]
[White "Hagen, Anders Gjerdrum"]
[Black "Webster, Richard J"]
[Result "1-0"]
[WhiteElo "2110"]
[BlackElo "1956"]
[PlyCount "47"]
[EventDate "2009.01.27"]

1. Nf3 d5 2. d4 c6 3. c4 Nf6 4. Nc3 e6 5. Bg5 h6 6. Bh4 Nbd7 7. cxd5 cxd5 8. e3
Be7 9. Bd3 O-O 10. O-O a6 11. Rc1 b6 12. Bb1 Bb7 13. Bc2 Rc8 14. Ne5 Ne4 15.
Bxe7 Qxe7 16. f3 Nef6 17. f4 Ne4 18. Qe2 Nxc3 19. bxc3 Rfd8 20. Nxd7 Rxd7 21.
f5 Rdc7 22. fxe6 fxe6 23. Qd3 g6 24. Qxg6+ 1-0

[Event "Gibtelecom Masters"]
[Site "Gibraltar"]
[Date "2009.01.31"]
[Round "5.78"]
[White "Compton, Alistair"]
[Black "Brown, David"]
[Result "1-0"]
[WhiteElo "2079"]
[BlackElo "1932"]
[PlyCount "77"]
[EventDate "2009.01.27"]

1. e4 e5 2. Nf3 Nc6 3. Nc3 Nf6 4. Bb5 Bb4 5. O-O O-O 6. d3 Bxc3 7. bxc3 d6 8.
Bg5 Qe7 9. Re1 Nd8 10. d4 Ne6 11. Bc1 Rd8 12. Nh4 Ne8 13. Nf5 Qf6 14. g3 Nf8
15. Ne3 c6 16. Bf1 Nc7 17. a4 Ng6 18. Rb1 b6 19. Bg2 Rb8 20. Ng4 Qe6 21. h3 Qc4
22. Ne3 Qxc3 23. Bb2 Qa5 24. Nc4 Qxa4 25. Bf1 Ba6 26. Ra1 Qb5 27. Ba3 c5 28.
Nxe5 Qe8 29. Nc4 Bb7 30. Bb2 Ra8 31. Qh5 Qd7 32. f4 d5 33. Ne5 Nxe5 34. dxe5
dxe4 35. f5 g6 36. fxg6 fxg6 37. Qh4 Bd5 38. Rad1 Qe6 39. c4 1-0

[Event "Gibtelecom Masters"]
[Site "Gibraltar"]
[Date "2009.01.31"]
[Round "5.80"]
[White "Lyons, Brendan"]
[Black "Escofet Llongueras, Joan"]
[Result "1-0"]
[WhiteElo "2060"]
[BlackElo "1889"]
[PlyCount "39"]
[EventDate "2009.01.27"]

1. Nf3 Nf6 2. g3 g6 3. Bg2 Bg7 4. O-O O-O 5. d3 c6 6. e4 d6 7. Re1 e5 8. c3 h6
9. d4 Qc7 10. Nh4 Nbd7 11. Qb3 Kh7 12. f4 Ng8 13. Be3 Ndf6 14. h3 Ne7 15. c4
Nh5 16. fxe5 dxe5 17. d5 Nxg3 18. Bc5 Qd7 19. Qxg3 f5 20. d6 1-0

[Event "Gibtelecom Masters"]
[Site "Gibraltar"]
[Date "2009.01.31"]
[Round "5.81"]
[White "Pali, Gabor"]
[Black "Ribon Calabia, Mariano"]
[Result "1-0"]
[WhiteElo "2048"]
[BlackElo "1864"]
[PlyCount "75"]
[EventDate "2009.01.27"]

1. d4 Nf6 2. g3 g6 3. Bg2 Bg7 4. e4 d6 5. c4 e5 6. d5 a5 7. Nc3 Bd7 8. Nge2 Na6
9. O-O h5 10. Bg5 Qc8 11. Nc1 Bh3 12. Nd3 Bxg2 13. Kxg2 Qd7 14. h3 Nh7 15. Be3
Bf6 16. Qd2 g5 17. c5 Be7 18. cxd6 cxd6 19. a4 f5 20. f3 f4 21. Bf2 fxg3 22.
Bxg3 g4 23. hxg4 hxg4 24. f4 exf4 25. Bxf4 Nf6 26. e5 dxe5 27. Nxe5 Qf5 28. Qe2
g3 29. Qb5+ Kf8 30. Bh6+ Rxh6 31. Rxf5 Nc5 32. Ng4 Rg6 33. Nxf6 Kg7 34. Nh5+
Kh7 35. Rh1 Rag8 36. Nf6+ Kg7 37. Rh7+ Kf8 38. Qe8# 1-0

[Event "Gibtelecom Masters"]
[Site "Gibraltar"]
[Date "2009.01.31"]
[Round "5.82"]
[White "Brown, Thomas"]
[Black "Szabo, Gabor"]
[Result "1/2-1/2"]
[WhiteElo "2027"]
[BlackElo "1862"]
[PlyCount "35"]
[EventDate "2009.01.27"]

1. d4 Nf6 2. c4 g6 3. Nc3 Bg7 4. e4 d6 5. h3 O-O 6. Be3 c6 7. Nf3 Na6 8. Be2
Rb8 9. O-O Qe8 10. Re1 Bd7 11. e5 dxe5 12. dxe5 Nh5 13. g4 Qc8 14. Qd4 c5 15.
Qd1 Bxg4 16. hxg4 Qxg4+ 17. Kh1 Qh3+ 18. Kg1 1/2-1/2

[Event "Gibtelecom Masters"]
[Site "Gibraltar"]
[Date "2009.01.31"]
[Round "5.83"]
[White "Campbell, Ian"]
[Black "Kuenitz, Klaus"]
[Result "1-0"]
[WhiteElo "2023"]
[BlackElo "1663"]
[PlyCount "85"]
[EventDate "2009.01.27"]

1. d4 f5 2. e3 Nf6 3. c4 d6 4. Nc3 g6 5. f4 Bg7 6. Nf3 O-O 7. Be2 b6 8. O-O Bb7
9. Ng5 Qd7 10. d5 Re8 11. Ne6 Bh8 12. Bf3 c6 13. e4 fxe4 14. Nxe4 cxd5 15.
Nxf6+ exf6 16. cxd5 f5 17. Qb3 Na6 18. Be3 Nc5 19. Bxc5 bxc5 20. Rfe1 Rab8 21.
Qc2 Ba8 22. Rab1 Rb4 23. g3 Reb8 24. b3 Qf7 25. a3 R4b5 26. b4 Qb7 27. Qe2 Re8
28. Qd3 cxb4 29. Rxb4 Qb6+ 30. Kg2 Rxb4 31. axb4 Qxb4 32. Rb1 Qc3 33. Qb5 Qc2+
34. Kh3 Qc8 35. g4 Rxe6 36. dxe6 Bxf3 37. gxf5 Be4 38. Rc1 Qf8 39. Qd7 Qxf5+
40. Kg3 Bb7 41. Qd8+ Kg7 42. Rc7+ Kh6 43. Qh4+ 1-0

[Event "Gibtelecom Masters"]
[Site "Gibraltar"]
[Date "2009.01.31"]
[Round "5.89"]
[White "Escandell Atienza, Santiago"]
[Black "Garcia Lechugo, Francisco"]
[Result "0-1"]
[WhiteElo "1485"]
[BlackElo "1688"]
[PlyCount "120"]
[EventDate "2009.01.27"]

1. e4 Nf6 2. Nc3 d5 3. exd5 Nxd5 4. Bc4 Nf6 5. Nf3 Bg4 6. Bxf7+ Kxf7 7. Ne5+
Kg8 8. Nxg4 Qd7 9. Ne5 Qd6 10. d4 Nbd7 11. f4 Rd8 12. O-O Nd5 13. Qh5 g6 14.
Nxg6 N7f6 15. Nxe7+ Nxe7 16. Qe5 Qxd4+ 17. Qxd4 Rxd4 18. Be3 Rc4 19. Rad1 Nc6
20. Rf3 Bd6 21. h3 h5 22. g3 a6 23. a3 Kf7 24. Bf2 Re8 25. b3 Rxc3 26. Rxc3
Bxa3 27. Kg2 Bd6 28. Kf3 Ne4 29. Rcd3 Nb4 30. Rd4 Nxf2 31. Kxf2 Nxc2 32. R4d2
Bc5+ 33. Kf3 Ne1+ 34. Rxe1 Rxe1 35. Rd5 Re3+ 36. Kg2 Bb6 37. Rxh5 Rxb3 38. g4
a5 39. f5 a4 40. g5 Rb2+ 41. Kf3 Rf2+ 42. Kg4 Rg2+ 43. Kf3 Rxg5 44. Rxg5 a3 45.
Rg2 Bd4 46. Ra2 Bb2 47. Ke4 c6 48. Kd3 Kf6 49. Kc4 b6 50. Kd3 Kxf5 51. Kc2 Kg5
52. Kb3 Kh4 53. Kc4 Kxh3 54. Kb3 Kg3 55. Kc4 Kf4 56. Kd3 b5 57. Kc2 Ke4 58. Kb3
c5 59. Kc2 Kd4 60. Kb3 Kd3 0-1

[Event "Gibtelecom Masters"]
[Site "Gibraltar"]
[Date "2009.01.31"]
[Round "5.90"]
[White "Matto, Manuel"]
[Black "Pieri, Enzo"]
[Result "0-1"]
[WhiteElo "1855"]
[BlackElo "1829"]
[PlyCount "112"]
[EventDate "2009.01.27"]

1. e4 c6 2. d4 d5 3. e5 Bf5 4. h4 h5 5. Nf3 e6 6. Bd3 Bxd3 7. Qxd3 Be7 8. Nbd2
Nd7 9. c3 Nf8 10. Nf1 Ng6 11. g3 a6 12. Ng5 Qd7 13. Bd2 c5 14. Nh2 c4 15. Qc2
Nh6 16. O-O-O b5 17. Rhf1 a5 18. f4 Nf5 19. Rf3 b4 20. Rg1 Rb8 21. Kd1 a4 22.
Nf1 b3 23. axb3 Rxb3 24. Ne3 a3 25. bxa3 Bxa3 26. Ke2 Rb2 27. Qd1 f6 28. Nxe6
Nxe3 29. Kxe3 Kf7 30. f5 Ne7 31. Rgf1 fxe5 32. Kf2 e4 33. Rf4 Bd6 34. Qc1 Rhb8
35. Ng5+ Kg8 36. Kg1 Bxf4 37. Bxf4 Rb1 38. Qxb1 Rxb1 39. Rxb1 Qxf5 40. Rb7 Nc8
41. Be5 Kf8 42. Bxg7+ Ke8 43. Rf7 Qg4 44. Be5 Qd1+ 45. Rf1 Qd2 46. Nh7 Qxc3 47.
Nf6+ Kd8 48. Nxd5 Qd2 49. Rf8+ Kd7 50. Nf6+ Ke6 51. Rxc8 e3 52. Re8+ Kf7 53.
Bf4 Qf2+ 54. Kh1 e2 55. Rxe2 Qf1+ 56. Kh2 Qxe2+ 0-1

[Event "Gibtelecom Masters"]
[Site "Gibraltar"]
[Date "2009.01.31"]
[Round "5.91"]
[White "Yarur Elsaca, Daniel"]
[Black "Aagedal, Geir Ole"]
[Result "0-1"]
[WhiteElo "1805"]
[BlackElo "1832"]
[PlyCount "172"]
[EventDate "2009.01.27"]

1. e4 c6 2. d4 d5 3. Nc3 dxe4 4. Nxe4 Nd7 5. Nf3 Ngf6 6. Bd3 Nxe4 7. Bxe4 Nf6
8. Bd3 e6 9. O-O Bd6 10. Bg5 h6 11. Bh4 O-O 12. Ne5 Be7 13. c4 c5 14. dxc5 Bxc5
15. Qf3 g5 16. Bg3 Kg7 17. Rad1 Qe7 18. Bc2 Kh8 19. Qd3 Rg8 20. Ng4 Rg6 21. Qc3
Kg8 22. Bxg6 Nxg4 23. Bc2 f5 24. h3 Nf6 25. Be5 Nd7 26. Bh2 Nf8 27. a3 f4 28.
b4 Bb6 29. c5 Bc7 30. Rfe1 Bd7 31. a4 a6 32. Bb3 Re8 33. Kh1 Qg7 34. Qd3 Kh8
35. f3 h5 36. Bg1 e5 37. b5 axb5 38. axb5 g4 39. fxg4 hxg4 40. hxg4 Bxg4 41.
Rd2 Qh6+ 42. Bh2 Qh4 43. Qf1 Ba5 44. g3 Qh5 45. Qc4 Be6 46. Qe2 f3 47. Qxe5+
Qxe5 48. Rxe5 Bxd2 49. g4 Ra8 50. Rh5+ Kg8 51. Bxe6+ Nxe6 52. Be5 Rf8 53. Rh8+
Kf7 54. Rxf8+ Kxf8 55. Bd6+ Ke8 56. c6 b6 57. Kg1 Be3+ 58. Kf1 Nd4 59. Bg3 Nxb5
60. Ke1 Nd4 61. c7 Kd7 62. g5 Bxg5 63. Kf2 b5 64. Be5 Nc6 65. Bd6 Nd4 66. Be5
Ne6 67. Kxf3 Nxc7 68. Ke2 Nd5 69. Kd3 Kc6 70. Kc2 Kc5 71. Kb3 Bf6 72. Bg3 Ne7
73. Bf2+ Kc6 74. Be1 Bd4 75. Bd2 Bc5 76. Be1 Kd5 77. Bh4 Nf5 78. Bf6 Nd4+ 79.
Kb2 Kc4 80. Bg5 b4 81. Bd2 b3 82. Bc3 Nb5 83. Bd2 Bd4+ 84. Kb1 Na3+ 85. Kc1 b2+
86. Kd1 b1=Q+ 0-1

[Event "Gibtelecom Masters"]
[Site "Gibraltar"]
[Date "2009.02.01"]
[Round "6.7"]
[White "Avrukh, Boris"]
[Black "Cramling, Pia"]
[Result "1-0"]
[WhiteElo "2645"]
[BlackElo "2548"]
[PlyCount "99"]
[EventDate "2009.01.27"]

1. d4 d5 2. c4 c6 3. Nf3 Nf6 4. Nc3 dxc4 5. a4 e6 6. e3 c5 7. Bxc4 Nc6 8. O-O
cxd4 9. exd4 Be7 10. Bg5 O-O 11. Re1 Bd7 12. Qe2 Nb4 13. Ne5 Be8 14. Rad1 Nfd5
15. Bd2 Bg5 16. Bxg5 Qxg5 17. Bxd5 Nxd5 18. Nxd5 exd5 19. Qc2 Qd8 20. Rc1 Qb6
21. Nf3 Bd7 22. b3 Bg4 23. Ng5 Qh6 24. Qd2 f6 25. Nf3 Qh5 26. Re3 Bxf3 27. Rxf3
Rac8 28. h3 Rfe8 29. Rfc3 Qf5 30. g4 Qd7 31. Rxc8 Rxc8 32. Rxc8+ Qxc8 33. Qa5
Qe6 34. Qxa7 Qe1+ 35. Kg2 Qe4+ 36. Kh2 h5 37. Qxb7 Qxd4 38. Qc8+ Kf7 39. Qf5
hxg4 40. hxg4 Qd2 41. Kg2 d4 42. a5 Qd1 43. Qf3 Qa1 44. Qd5+ Ke7 45. Qb7+ Kd6
46. a6 Qd1 47. Qc8 Qd3 48. Qb8+ Ke6 49. Qb6+ Ke5 50. Qc5+ 1-0

[Event "Gibtelecom Masters"]
[Site "Gibraltar"]
[Date "2009.02.01"]
[Round "6.11"]
[White "Gurevich, Mikhail"]
[Black "Kiik, Kalle"]
[Result "1-0"]
[WhiteElo "2624"]
[BlackElo "2466"]
[PlyCount "81"]
[EventDate "2009.01.27"]

1. d4 d6 2. Bg5 h6 3. Bh4 c6 4. c4 Qb6 5. Qd2 g5 6. Bg3 Bg7 7. e3 c5 8. Ne2 Nc6
9. Nbc3 cxd4 10. exd4 Qa5 11. a3 Bf5 12. Ra2 Bg6 13. f3 Rc8 14. Bf2 Qd8 15. b3
e6 16. d5 exd5 17. Nxd5 Nge7 18. Nec3 O-O 19. Be2 Nxd5 20. Nxd5 Bb1 21. Rb2 Bg6
22. O-O Bxb2 23. Qxb2 f6 24. Be1 Ne5 25. Bc3 Rf7 26. f4 gxf4 27. Rxf4 Qf8 28.
Qd2 Re8 29. Rh4 Kh7 30. Bd4 f5 31. Be3 Ng4 32. Bf4 Rfe7 33. Bxg4 Re1+ 34. Kf2
fxg4 35. Rxh6+ Kg7 36. Qd4+ R8e5 37. Kg3 R1e4 38. Bxe5+ Rxe5 39. Rh4 Qf1 40.
Rxg4 Qe1+ 41. Qf2 1-0

[Event "Gibtelecom Masters"]
[Site "Gibraltar"]
[Date "2009.02.01"]
[Round "6.16"]
[White "Lopez Martinez, Josep Manu"]
[Black "Solomon, Kenny"]
[Result "1-0"]
[WhiteElo "2540"]
[BlackElo "2348"]
[PlyCount "145"]
[EventDate "2009.01.27"]

1. Nf3 Nf6 2. g3 d5 3. Bg2 c6 4. O-O Bf5 5. d3 e6 6. Nbd2 Be7 7. Qe1 h6 8. e4
Bh7 9. Qe2 O-O 10. Ne5 Nbd7 11. Nxd7 Nxd7 12. f4 Qb6+ 13. Kh1 Rae8 14. b3 Bf6
15. e5 Be7 16. Nf3 f6 17. Bb2 f5 18. c4 Kh8 19. Rfc1 a5 20. cxd5 cxd5 21. Qc2
Nb8 22. Nd4 Na6 23. Ne2 Nb4 24. Qd2 Qa6 25. Rd1 Rc8 26. Bc3 Nc6 27. Rac1 Qb6
28. d4 Ra8 29. Rc2 g5 30. Qe3 a4 31. Rb1 Rfc8 32. Be1 Bg6 33. Bf3 g4 34. Bg2
Kg7 35. Bf1 h5 36. Qc1 a3 37. b4 Be8 38. Rb3 Bd7 39. Qb1 Rh8 40. Rc5 h4 41.
gxh4 Bxh4 42. Bxh4 Rxh4 43. Qc1 Rah8 44. h3 gxh3 45. Qxa3 h2 46. Qb2 Ne7 47. b5
Kf7 48. Qd2 Ng6 49. a4 Ra8 50. Ra3 Qd8 51. Bg2 b6 52. Rcc3 Qe7 53. Qc1 Rhh8 54.
Rc7 Rhc8 55. Rh3 Kg7 56. Ng3 Rh8 57. Nh5+ Rxh5 58. Rxh5 Rxa4 59. Qe3 Ra3 60.
Qc1 Ra4 61. Rg5 Kh6 62. Bf3 Rc4 63. Rxc4 dxc4 64. Qd2 Bxb5 65. d5 exd5 66. Rxf5
Qa3 67. Qxd5 Qc1+ 68. Qd1 Qe3 69. Rf6 Kg7 70. Bh5 Qg1+ 71. Qxg1 hxg1=Q+ 72.
Kxg1 Ne7 73. Rxb6 1-0

[Event "Gibtelecom Masters"]
[Site "Gibraltar"]
[Date "2009.02.01"]
[Round "6.20"]
[White "Kozlov, Oleg"]
[Black "Pavlovic, Milos"]
[Result "1/2-1/2"]
[WhiteElo "2187"]
[BlackElo "2520"]
[PlyCount "95"]
[EventDate "2009.01.27"]

1. c4 g6 2. Nc3 Bg7 3. g3 Nf6 4. Bg2 O-O 5. d4 d6 6. Nf3 Nbd7 7. O-O e5 8. b3
Re8 9. Bb2 exd4 10. Nxd4 c6 11. Qc2 Qe7 12. Rad1 Nc5 13. b4 Ncd7 14. Qb3 Nb6
15. b5 c5 16. Nc2 Be6 17. Ne3 Rad8 18. Rfe1 Nxc4 19. Nxc4 d5 20. Na5 d4 21. Qa3
dxc3 22. Rxd8 Rxd8 23. Bxc3 Rd7 24. Qb2 Ne8 25. Bxg7 Nxg7 26. b6 axb6 27. Qxb6
Bxa2 28. Nxb7 Ne6 29. Ra1 Bd5 30. Ra8+ Kg7 31. Qb2+ Nd4 32. Bxd5 Qe5 33. Ra2
Qxd5 34. Nxc5 Qxc5 35. e3 Qe5 36. exd4 Rxd4 37. h4 h6 38. Qe2 Qd5 39. Ra1 Rd2
40. Qe1 Qd4 41. Rc1 Rd3 42. Kg2 Qd5+ 43. Kg1 Qd4 44. Kg2 Rd2 45. Kg1 Rd3 46.
Kg2 Kh7 47. Qe2 Kg7 48. Re1 1/2-1/2

[Event "Gibtelecom Masters"]
[Site "Gibraltar"]
[Date "2009.02.01"]
[Round "6.22"]
[White "Csonka, Attila Istvan"]
[Black "Papp, Gabor"]
[Result "0-1"]
[WhiteElo "2289"]
[BlackElo "2517"]
[PlyCount "90"]
[EventDate "2009.01.27"]

1. e4 d6 2. d4 Nf6 3. Nc3 g6 4. Bc4 Bg7 5. Nf3 c6 6. a4 O-O 7. O-O d5 8. Bd3
dxe4 9. Nxe4 Nxe4 10. Bxe4 Nd7 11. c3 c5 12. Be3 Qc7 13. dxc5 Nxc5 14. Bxc5
Qxc5 15. Qd5 Qc7 16. Rfe1 Rd8 17. Qb5 Rb8 18. Rad1 Bd7 19. Qb4 Bf6 20. Rd5 Rdc8
21. h4 Be6 22. Rd2 a5 23. Qa3 Rd8 24. Rde2 b5 25. h5 Bc4 26. Re3 bxa4 27. hxg6
hxg6 28. Bc2 Bb3 29. Bxb3 Rxb3 30. Qxa4 Rxb2 31. Ne5 Kg7 32. Nc4 Rbb8 33. Ne5
Rd5 34. Ng4 Bg5 35. c4 Bxe3 36. cxd5 Rb4 37. Qe8 Rxg4 38. Rxe3 Qc1+ 39. Kh2 Qf1
40. Rg3 Rh4+ 41. Rh3 Qxf2 42. Qxe7 Qf4+ 43. Kg1 Rxh3 44. gxh3 Qg3+ 45. Kf1
Qxh3+ 0-1

[Event "Gibtelecom Masters"]
[Site "Gibraltar"]
[Date "2009.02.01"]
[Round "6.24"]
[White "Szabo, Krisztian"]
[Black "Malmdin, Nils-Ake"]
[Result "1-0"]
[WhiteElo "2508"]
[BlackElo "2256"]
[PlyCount "83"]
[EventDate "2009.01.27"]

1. e4 d5 2. exd5 Nf6 3. Nf3 Nxd5 4. d4 g6 5. c4 Nb6 6. a4 a5 7. Nc3 Bg7 8. c5
Nd5 9. Bc4 Nxc3 10. bxc3 O-O 11. O-O h6 12. Qc2 e6 13. Bf4 Nd7 14. Rad1 Nf6 15.
Ne5 Nd5 16. Bc1 Bd7 17. Rd3 Qe8 18. Bb3 f6 19. Nxd7 Qxd7 20. Rdd1 f5 21. Rfe1
Rfe8 22. Qd3 Kh7 23. h4 c6 24. h5 gxh5 25. Qh3 Qf7 26. Bc2 Kh8 27. Re2 Re7 28.
Rde1 Rae8 29. Bd1 Qg6 30. Rb2 Nf6 31. Bf4 Ng4 32. Bd6 Rd7 33. Rbe2 b6 34. Bb3
bxc5 35. Rxe6 Rxe6 36. Rxe6 Nf6 37. Bxc5 Qg5 38. Qe3 Nd5 39. Qxg5 hxg5 40. Rxc6
Nxc3 41. Rc8+ Kh7 42. Be6 1-0

[Event "Gibtelecom Masters"]
[Site "Gibraltar"]
[Date "2009.02.01"]
[Round "6.25"]
[White "Al Sayed, Mohamad N"]
[Black "Hartvig, Ove Weiss"]
[Result "1-0"]
[WhiteElo "2488"]
[BlackElo "2237"]
[PlyCount "31"]
[EventDate "2009.01.27"]

1. e4 c5 2. Nc3 d6 3. f4 Nc6 4. Nf3 g6 5. Bc4 Bg7 6. O-O e6 7. f5 Nf6 8. fxe6
Bxe6 9. Bxe6 fxe6 10. e5 Ng4 11. d4 cxd4 12. Ng5 Ncxe5 13. Nxe6 Qh4 14. Nxg7+
Kd7 15. Bf4 Rhf8 16. Qxd4 1-0

[Event "Gibtelecom Masters"]
[Site "Gibraltar"]
[Date "2009.02.01"]
[Round "6.26"]
[White "Natalicchio Escalante, Nic"]
[Black "Trent, Lawrence"]
[Result "1-0"]
[WhiteElo "2238"]
[BlackElo "2487"]
[PlyCount "57"]
[EventDate "2009.01.27"]

1. d4 Nf6 2. c4 g6 3. Nc3 Bg7 4. e4 d6 5. f4 O-O 6. Nf3 c5 7. d5 e5 8. dxe6
fxe6 9. Bd3 Nh5 10. g3 Nc6 11. O-O Nd4 12. Be3 Bd7 13. Ng5 Qe8 14. e5 h6 15.
Nge4 dxe5 16. fxe5 Qe7 17. Qg4 Bc6 18. Bxd4 cxd4 19. Ne2 Rxf1+ 20. Rxf1 Be8 21.
Nd6 Qg5 22. Qxg5 hxg5 23. Nxe8 Bxe5 24. Bxg6 d3 25. Nc3 Ng7 26. Nxg7 Kxg7 27.
Bxd3 Rd8 28. Rd1 Rf8 29. Be4 1-0

[Event "Gibtelecom Masters"]
[Site "Gibraltar"]
[Date "2009.02.01"]
[Round "6.27"]
[White "Nemeth, Miklos"]
[Black "Urbina Perez, Juan Antonio"]
[Result "1-0"]
[WhiteElo "2472"]
[BlackElo "2215"]
[PlyCount "73"]
[EventDate "2009.01.27"]

1. e4 e5 2. Nf3 Nc6 3. Bc4 Bc5 4. c3 Nf6 5. d3 a6 6. O-O Ba7 7. Re1 d6 8. Bb3
O-O 9. Bg5 Be6 10. Nbd2 Nb8 11. d4 Bxb3 12. Qxb3 Nbd7 13. Qxb7 Qb8 14. Qxb8
Raxb8 15. b3 Rfe8 16. h3 Nh5 17. g4 f6 18. Be3 Nf4 19. Bxf4 exf4 20. h4 h5 21.
gxh5 Kf7 22. Kg2 Rb5 23. Kh3 Rxh5 24. Kg4 Reh8 25. Kxf4 Nf8 26. Kg4 g6 27. Kf4
Ne6+ 28. Ke3 c5 29. d5 c4+ 30. Nd4 Nc5 31. Nxc4 Bb8 32. b4 Nd7 33. Nf3 f5 34.
Kd2 fxe4 35. Ng5+ Kg7 36. Rxe4 Rxh4 37. f4 1-0

[Event "Gibtelecom Masters"]
[Site "Gibraltar"]
[Date "2009.02.01"]
[Round "6.29"]
[White "Peredy, Ferenc"]
[Black "Bruno, Fabio"]
[Result "1/2-1/2"]
[WhiteElo "2252"]
[BlackElo "2460"]
[PlyCount "60"]
[EventDate "2009.01.27"]

1. d4 d5 2. c4 c6 3. Nc3 Nf6 4. Nf3 e6 5. cxd5 exd5 6. Bg5 Be7 7. Qc2 Na6 8. a3
g6 9. e3 Bf5 10. Bd3 Bxd3 11. Qxd3 Nc7 12. b4 Ne6 13. Bh4 O-O 14. O-O a6 15.
Rab1 Re8 16. a4 Rc8 17. Rfc1 h6 18. Bxf6 Bxf6 19. b5 axb5 20. axb5 c5 21. dxc5
Rxc5 22. Ne2 Qd6 23. Rxc5 Nxc5 24. Qa3 Qb6 25. h3 Rd8 26. Qb4 Ne4 27. Rd1 Bg7
28. Qb3 Qc5 29. Rc1 Qd6 30. Rd1 Qc5 1/2-1/2

[Event "Gibtelecom Masters"]
[Site "Gibraltar"]
[Date "2009.02.01"]
[Round "6.30"]
[White "Spence, David J"]
[Black "Sachdev, Tania"]
[Result "1-0"]
[WhiteElo "2223"]
[BlackElo "2435"]
[PlyCount "55"]
[EventDate "2009.01.27"]

1. e4 e5 2. Nf3 Nc6 3. Bb5 a6 4. Ba4 Nf6 5. Qe2 Be7 6. c3 b5 7. Bb3 O-O 8. O-O
d6 9. Rd1 Na5 10. Bc2 c5 11. d4 Qc7 12. d5 Nd7 13. Nbd2 Nb6 14. b3 f5 15. exf5
Nxd5 16. Ne4 Nf6 17. Nfg5 Bd7 18. Qd3 c4 19. Qh3 h6 20. Ne6 Bxe6 21. fxe6 Nxe4
22. Bxe4 Rad8 23. b4 Nb7 24. Qh5 d5 25. Bxd5 Rf6 26. Be3 Rb8 27. Be4 Bd6 28.
Bg5 1-0

[Event "Gibtelecom Masters"]
[Site "Gibraltar"]
[Date "2009.02.01"]
[Round "6.31"]
[White "Hommeles, Theo"]
[Black "Getz, Nicolai"]
[Result "1-0"]
[WhiteElo "2410"]
[BlackElo "2190"]
[PlyCount "109"]
[EventDate "2009.01.27"]

1. e4 c5 2. Nf3 d6 3. d4 cxd4 4. Nxd4 Nf6 5. Nc3 a6 6. Be3 e5 7. Nb3 Be6 8. Be2
Nbd7 9. Qd2 Be7 10. f4 exf4 11. Bxf4 Ne5 12. O-O-O Rc8 13. Kb1 Qc7 14. Rhg1 Nc4
15. Qd4 Ne5 16. Qa4+ Bd7 17. Qa5 O-O 18. g4 b6 19. Qb4 a5 20. Qd4 Bxg4 21. Bxg4
Nfxg4 22. Rg2 Nf6 23. Qf2 Ng6 24. Bg5 Qc4 25. Nd4 Qc5 26. a4 Kh8 27. h4 Qe5 28.
Qf3 Rc4 29. Nf5 Nxe4 30. Re2 Nxg5 31. hxg5 Rf4 32. Rxe5 Rxf3 33. Rb5 Bxg5 34.
Nd4 Rxc3 35. bxc3 Ne5 36. Nf5 Nc4 37. Ka2 g6 38. Rd4 Rc8 39. Rxc4 Rxc4 40. Nxd6
Rxa4+ 41. Kb3 Rf4 42. Rxg5 f5 43. Rg1 Kg7 44. c4 Rf3+ 45. Ka4 Kf6 46. Kb5 Rc3
47. Kxb6 Rxc2 48. c5 f4 49. c6 Ke5 50. Nf7+ Kd4 51. Ng5 Ke3 52. Ra1 h6 53. Ra3+
Ke2 54. Ne6 Rb2+ 55. Ka7 1-0

[Event "Gibtelecom Masters"]
[Site "Gibraltar"]
[Date "2009.02.01"]
[Round "6.32"]
[White "Kandic, Milan"]
[Black "Karim, Ismael"]
[Result "0-1"]
[WhiteElo "2208"]
[BlackElo "2407"]
[PlyCount "128"]
[EventDate "2009.01.27"]

1. e4 e5 2. Nf3 Nc6 3. Bc4 Nf6 4. Nc3 Nxe4 5. Bxf7+ Kxf7 6. Nxe4 d5 7. Neg5+
Kg8 8. d4 h6 9. Nh3 Bxh3 10. gxh3 exd4 11. Nxd4 Qh4 12. Ne2 Qe4 13. O-O d4 14.
Ng3 Qd5 15. Qg4 Ne5 16. Qe4 Nf3+ 17. Kg2 Nh4+ 18. Kh1 Qxe4+ 19. Nxe4 Re8 20.
Ng3 Bd6 21. f4 Kh7 22. Bd2 Rhf8 23. Rad1 Ng6 24. f5 Nh4 25. Bf4 Nxf5 26. Bxd6
Nxd6 27. Rxd4 Rxf1+ 28. Nxf1 Nf5 29. Rf4 Re5 30. Kg1 g5 31. Rc4 c6 32. Kf2 Rb5
33. b3 Rd5 34. Re4 Kg6 35. Re2 Kf7 36. Rd2 Ke6 37. Rxd5 cxd5 38. c3 Nd6 39. Nd2
Ke5 40. Ke3 Nf5+ 41. Kf3 h5 42. a4 Nh4+ 43. Kg3 Ng6 44. Kf3 Nf4 45. Ke3 Nxh3
46. Nf3+ Kd6 47. Nd4 a6 48. Nf3 g4 49. Nd4 Ke5 50. b4 Ng5 51. b5 axb5 52. axb5
h4 53. b6 g3 54. hxg3 hxg3 55. Nc6+ Kf5 56. Nd4+ Kg4 57. Ne2 Ne6 58. Ng1 Nf4
59. Nf3 g2 60. Kf2 Kh3 61. Ng1+ Kh2 62. Nf3+ Kh1 63. Ke3 Ne6 64. Kd3 Ng5 0-1